000 00891cam a2200253 4500
008 090401t1998 xxu||||| |||| 00| 0 eng d
020 _a0415170265
035 _a(Sirsi) u89564
041 _aeng
050 _a306.1094
_c18
245 _aEuropean integration and housing policy
260 _aLondon
_bRoutledge
_c1998
300 _axi, 307p.
_c24cm.
350 _a17.99
490 _aRICS Issues in Real Estate and Housing
520 _aExamines how European housing systems are affected as a result of the European single market and the introduction of the single currency. Published in association with the RICS.
650 _aEUROPEAN UNION
690 _aPROPERTY-RESIDENTIAL PROPERTY-RESIDENTIAL PROPERTY DEVELOPMENT
700 _aKleinman, Mark
_xEditor
700 _aMatznetter, Walter
_xEditor
700 _aStephens, Mark
_xEditor
942 _n0
948 _c09/11/1998
999 _c97470
_d97470